000 00822nam a22002897a 4500
001 0074
003 DO-SdBPM
005 20250605102754.0
007 0074
008 151110b2004 sp |||| 00| 0 spa d
020 _a9788477204053
040 _aDO-SdBPM
_bspa
_cBPMSU
082 4 _a813.5
_bF533c 2003
_222
100 1 0 _aFisher, Robert
245 1 3 _aEl caballero de la armadura oxidada /
_cRobert Fisher
246 _aThe knight in rusty armour
250 _a72a ed.
260 _aBarcelona, España :
_bObelisco,
_c2004
300 _a93 p. ;
_c21 cm.
490 0 _aNueva conciencia
590 _aInventariado, 2025/VM
650 4 _aNovela estadounidense
650 4 _aCaballeros y caballeria
_vNovela
650 4 _aConducta (Ética)
_vNovela
910 _aVMateo V. Control de calidad. BPMSU
942 _2ddc
_cBK
999 _c8622
_d8622